| 000 | 01203naa a22002777a 4500 | ||
|---|---|---|---|
| 001 | BR9400019 | ||
| 003 | BR-BrBNA | ||
| 005 | 20250721155445.0 | ||
| 007 | ta | ||
| 008 | 250630b bl.|||m| |||| 00| 0 por d | ||
| 040 |
_aBR-BrBNA _bpor _cBiblioteca Nacional de Agricultura |
||
| 041 | _a(Pt) | ||
| 072 |
_aF01; F04 _b0110 _b3820 |
||
| 090 | _aF01 BR9400019 | ||
| 100 | 1 | _aPeruzzo, G. | |
| 245 | 1 | _aAvaliacao do rendimento de cevada cervejeira em funcao de diferentes doses e fontes de nitrogenio em 1986 | |
| 500 | _aResultados de pesquisa do Centro Nacional de Pesquisa de Trigo apresentados na 6, 7 e 8 Reunioes Anuais de Pesquisa de Cevada Passo Fundo, R (Brasil): 1988. p. 97-104 [5 tables] (BR9400019-AMS) | ||
| 773 | 0 |
_tResultados de pesquisa do Centro Nacional de Pesquisa de Trigo apresentados na 6, 7 e 8 Reunioes Anuais de Pesquisa de Cevada _wF01 BR9400019 _gPasso Fundo, R (Brasil), 1988. p. 97-104 |
|
| 650 | _aCevada | ||
| 650 | _aRendimento | ||
| 650 | _aFertilizante Nitrogenado | ||
| 650 | _aQuimica do Solo | ||
| 490 |
_aDocumentos - Centro Nacional de Pesquisa de Trigo (Brazil) _vno. 15 _xISSN 0101-6644 |
||
| 942 |
_cAMS _2AGRIS |
||
| 909 |
_a202506 _bLúcia _c55 _dLúcia Elande |
||
| 999 |
_c336603 _d336603 |
||